El Evangelio en el tiempo / (Record no. 188560)

MARC details
000 -LEADER
campo de control de longitud fija 00667nam a2200205 i 4500
001 - NÚMERO DE CONTROL
campo de control 188560
003 - IDENTIFICADOR DE NÚMERO DE CONTROL
campo de control ES-MaACL
005 - FECHA Y HORA DE LA ÚLTIMA TRANSACCIÓN
campo de control 20230906223234.0
008 - DATOS DE LONGITUD FIJA--INFORMACIÓN GENERAL
campo de control de longitud fija 181219s1966 sp |||| | spa d
100 1# - ENTRADA PRINCIPAL--NOMBRE DE PERSONA
Nombre de persona Chenu, Marie-Dominique (
Fechas asociadas al nombre 1895-1990)
9 (RLIN) 38350
245 13 - MENCIÓN DEL TÍTULO
Título El Evangelio en el tiempo /
Mención de responsabilidad, etc. M. D. Chenu ; [traducción Casimiro Marti].
260 ## - PUBLICACIÓN, DISTRIBUCIÓN, ETC.
Lugar de publicación, distribución, etc. [Barcelona] :
Nombre del editor, distribuidor, etc. Estela,
Fecha de publicación, distribución, etc. [1966]
300 ## - DESCRIPCIÓN FÍSICA
Extensión XX, 696 p. ;
Dimensiones 21 cm.
490 1# - MENCIÓN DE SERIE
Mención de serie Colección "Theología" ;
Designación de volumen o secuencia 9
650 ## - PUNTO DE ACCESO ADICIONAL DE MATERIA--TÉRMINO DE MATERIA
Término de materia o nombre geográfico como elemento de entrada Cristianismo-
Subdivisión general Sociología.
9 (RLIN) 17204
700 0# - ENTRADA AGREGADA--NOMBRE PERSONAL
Nombre de persona Martí, Casimir.
9 (RLIN) 77182
830 0# - PUNTO DE ACCESO ADICIONAL DE SERIE-TÍTULO UNIFORME
Título uniforme Colección "Theología" ;
Designación de volumen o secuencia 9
9 (RLIN) 193093
852 ## - LOCALIZACIÓN
Ubicación ES-MaACL
Número de control de estantería P-160-9
Holdings
Estatus retirado Estado de pérdida Estado de daño No para préstamo Biblioteca de origen Biblioteca actual Ubicación en estantería Fecha de adquisición Fuente de adquisición Total de préstamos Signatura topográfica completa Código de barras Visto por última vez Precio de reemplazo Tipo de ítem Koha
        Biblioteca del Ateneo de Madrid Biblioteca del Ateneo de Madrid Depósito 2 19/12/2018     P-160-9 1199492 23/02/2023 23/02/2023 Libro impreso